00926nam a22002657a 450000500170000001000130001702000100003003500130004003700160005304000120006908200180008110000410009924500590014024600410019926000480024027000480028830000200033665000300035665000350038665000290042165000260045094200270047699900190050395201380052220170123162331.0 aA-420132 c80.00 aA-420132 bCen Lib/Ret aDPLbUR aکbل و د  aلودھی، قصر صابر9121308 aراوی افسانے /cقیصر صابر لودھی  aRawi afsane /bby Qisar Sabir Lodhi  aلاہور bیونیورسل بکس c1989 bلاہور a٤٠-اے اردو بازار  a247p.c20cm(Hb) aاردو ادب 9121309 aاردو افسانے 9121310 aUrdu literature 9121311 aUrdu stories 9121312 2ddccURhکmل و د  c107760d107760 00104070aLbLd2016-01-11eCen Lib/Retg80.00l1oک ل و دpA-420132r2017-05-27 00:00:00s2017-05-04t1v80.00w2016-01-11yUR